Quiz Primeira Liga Portuguesa - Statistics

Estatísticas Gerais
  • Esse quiz foi jogado 48 vezes
  • A pontuação média é 5 de 72
Estatísticas das Respostas
Participações Resposta % Correto
88 Benfica
100%
88 FC Porto
98%
88 Sporting
98%
77 Belenenses
40%
66 SC Braga
29%
77 Vitória SC
26%
59 Boavista
17%
72 Vitória FC
17%
64 Académica
12%
27 Estoril
10%
42 Marítimo
10%
9 Famalicão
7%
7 Santa Clara
7%
27 Rio Ave
5%
5 Arouca
2%
24 Atlético
2%
24 Barreirense
2%
27 Beira-Mar
2%
24 Farense
2%
21 Gil Vicente
2%
25 Leixões
2%
19 Portimonense
2%
2 Seixal
2%
2 SL Elvas
2%
7 Tondela
2%
4 Académico de Viseu
0%
5 Académico do Porto
0%
1 Águeda
0%
5 Alverca
0%
3 Amora
0%
6 Aves
0%
4 B SAD
0%
4 Caldas
0%
5 Campomaiorense
0%
5 Carcavelinhos
0%
1 Casa Pia
0%
16 Chaves
0%
15 Covilhã
0%
23 CUF
0%
11 Espinho
0%
16 Estrela da Amadora
0%
1 Fafe
0%
7 Feirense
0%
1 Felgueiras SAD
0%
1 Gin. Alcobaça
0%
4 Leça
0%
14 Lusitano de Évora
0%
3 Lusitano VRSA
0%
3 Montijo
0%
12 Moreirense
0%
20 Nacional da Madeira
0%
6 Naval
0%
5 O Elvas
0%
20 Olhanense
0%
1 Oliveirense
0%
7 Oriental
0%
23 Paços de Ferreira
0%
13 Penafiel
0%
1 Riopele
0%
24 Salgueiros
0%
4 Sanjoanense
0%
8 Tirsense
0%
6 Torreense
0%
1 Trofense
0%
1 U. Coimbra
0%
18 UD Leiria
0%
1 U. Lisboa
0%
6 União
0%
6 União de Tomar
0%
3 Unidos FC
0%
21 Varzim
0%
2 Vizela
0%
Nenhum quiz correspondente encontrado
Distribuição das Pontuações
Porcentagem de Pessoas com Cada Pontuação
Percentil de Números Respondidos
Sua Pontuação Histórica
Você não jogou esse quiz